<?xml version="1.0" encoding="UTF-8"?>
<record
    xmlns:xsi="http://www.w3.org/2001/XMLSchema-instance"
    xsi:schemaLocation="http://www.loc.gov/MARC21/slim http://www.loc.gov/standards/marcxml/schema/MARC21slim.xsd"
    xmlns="http://www.loc.gov/MARC21/slim">

  <leader>00332nam a2200133Ia 4500</leader>
  <controlfield tag="008">150201s2011    xx            000 0 und d</controlfield>
  <datafield tag="082" ind1=" " ind2=" ">
    <subfield code="a">611</subfield>
    <subfield code="b">A11T</subfield>
  </datafield>
  <datafield tag="100" ind1=" " ind2=" ">
    <subfield code="a">TORTORA, GERARD J.</subfield>
  </datafield>
  <datafield tag="245" ind1=" " ind2=" ">
    <subfield code="a">PRINCIPLESOF ANATOMY &amp; PHYSIOLOGY VOL.-2</subfield>
  </datafield>
  <datafield tag="260" ind1=" " ind2=" ">
    <subfield code="b">WILEY</subfield>
    <subfield code="c">2011</subfield>
  </datafield>
  <datafield tag="300" ind1=" " ind2=" ">
    <subfield code="a">1-1222</subfield>
  </datafield>
  <datafield tag="650" ind1=" " ind2=" ">
    <subfield code="a">HUMAN ANATOMY</subfield>
  </datafield>
  <datafield tag="942" ind1=" " ind2=" ">
    <subfield code="2">ddc</subfield>
    <subfield code="c">BK</subfield>
    <subfield code="0">9</subfield>
  </datafield>
  <datafield tag="952" ind1=" " ind2=" ">
    <subfield code="0">0</subfield>
    <subfield code="1">0</subfield>
    <subfield code="2">ddc</subfield>
    <subfield code="4">0</subfield>
    <subfield code="7">0</subfield>
    <subfield code="8">MEDICAL</subfield>
    <subfield code="a">FM</subfield>
    <subfield code="b">FM</subfield>
    <subfield code="c">REF</subfield>
    <subfield code="d">2014-07-14</subfield>
    <subfield code="e">ABC DELHI</subfield>
    <subfield code="h">II</subfield>
    <subfield code="i">SGTU</subfield>
    <subfield code="l">1</subfield>
    <subfield code="o">611 A11T</subfield>
    <subfield code="p">FM6021</subfield>
    <subfield code="r">2023-11-22 00:00:00</subfield>
    <subfield code="s">2023-11-10</subfield>
    <subfield code="w">2014-07-14</subfield>
    <subfield code="y">BK</subfield>
    <subfield code="k">4559</subfield>
  </datafield>
  <datafield tag="952" ind1=" " ind2=" ">
    <subfield code="0">0</subfield>
    <subfield code="1">0</subfield>
    <subfield code="2">ddc</subfield>
    <subfield code="4">0</subfield>
    <subfield code="7">0</subfield>
    <subfield code="8">MEDICAL</subfield>
    <subfield code="a">FM</subfield>
    <subfield code="b">FM</subfield>
    <subfield code="c">REF</subfield>
    <subfield code="d">2014-07-14</subfield>
    <subfield code="e">ABC DELHI</subfield>
    <subfield code="h">II</subfield>
    <subfield code="i">SGTU</subfield>
    <subfield code="l">3</subfield>
    <subfield code="o">611 A11T</subfield>
    <subfield code="p">FM6022</subfield>
    <subfield code="r">2026-01-21 00:00:00</subfield>
    <subfield code="s">2026-01-13</subfield>
    <subfield code="w">2014-07-14</subfield>
    <subfield code="y">BK</subfield>
    <subfield code="k">4559</subfield>
  </datafield>
  <datafield tag="952" ind1=" " ind2=" ">
    <subfield code="0">0</subfield>
    <subfield code="1">0</subfield>
    <subfield code="2">ddc</subfield>
    <subfield code="4">0</subfield>
    <subfield code="7">1</subfield>
    <subfield code="8">MEDICAL</subfield>
    <subfield code="a">FM</subfield>
    <subfield code="b">FM</subfield>
    <subfield code="c">REF</subfield>
    <subfield code="d">2014-07-14</subfield>
    <subfield code="e">ABC DELHI</subfield>
    <subfield code="h">II</subfield>
    <subfield code="i">SGTU</subfield>
    <subfield code="l">0</subfield>
    <subfield code="o">611 A11T</subfield>
    <subfield code="p">FM6023</subfield>
    <subfield code="r">2015-02-09 00:00:00</subfield>
    <subfield code="w">2014-07-14</subfield>
    <subfield code="y">BK</subfield>
    <subfield code="k">4559</subfield>
  </datafield>
  <datafield tag="952" ind1=" " ind2=" ">
    <subfield code="0">0</subfield>
    <subfield code="1">0</subfield>
    <subfield code="2">ddc</subfield>
    <subfield code="4">0</subfield>
    <subfield code="7">0</subfield>
    <subfield code="8">MEDICAL</subfield>
    <subfield code="a">FM</subfield>
    <subfield code="b">FM</subfield>
    <subfield code="c">REF</subfield>
    <subfield code="d">2014-07-14</subfield>
    <subfield code="e">ABC DELHI</subfield>
    <subfield code="h">II</subfield>
    <subfield code="i">SGTU</subfield>
    <subfield code="l">4</subfield>
    <subfield code="m">1</subfield>
    <subfield code="o">611 A11T</subfield>
    <subfield code="p">FM6024</subfield>
    <subfield code="r">2023-11-24 00:00:00</subfield>
    <subfield code="s">2023-11-01</subfield>
    <subfield code="w">2014-07-14</subfield>
    <subfield code="y">BK</subfield>
    <subfield code="k">4559</subfield>
  </datafield>
  <datafield tag="952" ind1=" " ind2=" ">
    <subfield code="0">0</subfield>
    <subfield code="1">0</subfield>
    <subfield code="2">ddc</subfield>
    <subfield code="4">0</subfield>
    <subfield code="7">0</subfield>
    <subfield code="8">MEDICAL</subfield>
    <subfield code="a">FM</subfield>
    <subfield code="b">FM</subfield>
    <subfield code="c">REF</subfield>
    <subfield code="d">2014-07-14</subfield>
    <subfield code="e">ABC DELHI</subfield>
    <subfield code="h">II</subfield>
    <subfield code="i">SGTU</subfield>
    <subfield code="l">4</subfield>
    <subfield code="o">611 A11T</subfield>
    <subfield code="p">FM6025</subfield>
    <subfield code="r">2024-01-04 00:00:00</subfield>
    <subfield code="s">2023-12-15</subfield>
    <subfield code="w">2014-07-14</subfield>
    <subfield code="y">BK</subfield>
    <subfield code="k">4559</subfield>
  </datafield>
  <datafield tag="999" ind1=" " ind2=" ">
    <subfield code="c">1770</subfield>
    <subfield code="d">1770</subfield>
  </datafield>
</record>
